[Event "DEM U14w 2021"]
[Site "Willingen GER"]
[Date "2021.08.25"]
[Round "4"]
[White "Sereda, Yaroslava"]
[Black "Pohle, Saskia"]
[Result "0-1"]
[Termination "normal"]
[Board "1"]
[WhiteElo "1750"]
[BlackElo "1755"]
[WhiteClock "00:00:54"]
[BlackClock "00:37:12"]
[PlyCount "116"]
[WhiteFideId "14178940"]
[BlackFideId "16201604"]
[EventCountry "GER"]
[EventRounds "9"]
[EventType "swiss"]
[EventDate "2021.08.22"]

1. e4 {[%clk 01:30:58]} {[%emt 00:00:02]} e5 {[%clk 01:30:55]} {[%emt
00:00:05]} 2. Nf3 {[%clk 01:31:18]} {[%emt 00:00:09]} Nc6 {[%clk 01:31:20]}
{[%emt 00:00:05]} 3. Bb5 {[%clk 01:31:40]} {[%emt 00:00:07]} a6 {[%clk
01:31:46]} {[%emt 00:00:05]} 4. Ba4 {[%clk 01:32:04]} {[%emt 00:00:06]} Nf6
{[%clk 01:32:10]} {[%emt 00:00:06]} 5. d4 {[%clk 01:32:26]} {[%emt 00:00:09]}
exd4 {[%clk 01:32:35]} {[%emt 00:00:05]} 6. O-O {[%clk 01:32:48]} {[%emt
00:00:09]} Be7 {[%clk 01:32:59]} {[%emt 00:00:06]} 7. Re1 {[%clk 01:33:07]}
{[%emt 00:00:10]} b5 {[%clk 01:33:23]} {[%emt 00:00:06]} 8. e5 {[%clk
01:33:30]} {[%emt 00:00:08]} Nxe5 {[%clk 01:33:46]} {[%emt 00:00:07]} 9. Nxe5
{[%clk 01:33:52]} {[%emt 00:00:08]} bxa4 {[%clk 01:34:12]} {[%emt 00:00:05]}
10. Qxd4 {[%clk 01:34:12]} {[%emt 00:00:09]} O-O {[%clk 01:34:35]} {[%emt
00:00:07]} 11. Qxa4 {[%clk 01:34:35]} {[%emt 00:00:08]} Rb8 {[%clk 01:34:59]}
{[%emt 00:00:05]} 12. Nc3 {[%clk 01:34:52]} {[%emt 00:00:14]} Rb4 {[%clk
01:35:19]} {[%emt 00:00:09]} 13. Qa5 {[%clk 01:35:10]} {[%emt 00:00:12]} Bb7
{[%clk 01:35:39]} {[%emt 00:00:11]} 14. Nd3 {[%clk 01:34:47]} {[%emt 00:00:53]}
Rg4 {[%clk 01:35:13]} {[%emt 00:00:56]} 15. g3 {[%clk 01:34:53]} {[%emt
00:00:25]} Re8 {[%clk 01:26:26]} {[%emt 00:09:17]} 16. Bf4 {[%clk 01:08:15]}
{[%emt 00:27:07]} d6 {[%clk 01:12:06]} {[%emt 00:14:51]} 17. h3 {[%clk
00:59:57]} {[%emt 00:08:47]} Rg6 {[%clk 01:12:07]} {[%emt 00:00:29]} 18. Rad1
{[%clk 00:52:51]} {[%emt 00:07:37]} Qc8 {[%clk 01:07:19]} {[%emt 00:05:17]} 19.
Kh2 {[%clk 00:49:11]} {[%emt 00:04:10]} c5 {[%clk 01:04:59]} {[%emt 00:02:51]}
20. Re3 {[%clk 00:26:48]} {[%emt 00:22:52]} Qc6 {[%clk 00:51:14]} {[%emt
00:14:15]} 21. f3 {[%clk 00:23:43]} {[%emt 00:03:35]} Bd8 {[%clk 00:38:31]}
{[%emt 00:13:14]} 22. Rxe8+ {[%clk 00:21:50]} {[%emt 00:02:23]} Qxe8 {[%clk
00:38:05]} {[%emt 00:00:57]} 23. Qa4 {[%clk 00:14:59]} {[%emt 00:07:21]} Qxa4
{[%clk 00:36:48]} {[%emt 00:01:46]} 24. Nxa4 {[%clk 00:15:22]} {[%emt
00:00:06]} Bxf3 {[%clk 00:37:02]} {[%emt 00:00:16]} 25. Re1 {[%clk 00:15:17]}
{[%emt 00:00:35]} Bc6 {[%clk 00:37:26]} {[%emt 00:00:07]} 26. Nc3 {[%clk
00:14:26]} {[%emt 00:01:20]} Nh5 {[%clk 00:36:33]} {[%emt 00:01:23]} 27. Rd1
{[%clk 00:04:09]} {[%emt 00:10:47]} Bc7 {[%clk 00:30:13]} {[%emt 00:06:50]} 28.
Rf1 {[%clk 00:01:50]} {[%emt 00:02:48]} Nxf4 {[%clk 00:28:43]} {[%emt
00:02:01]} 29. Nxf4 {[%clk 00:02:10]} {[%emt 00:00:10]} Rg5 {[%clk 00:28:39]}
{[%emt 00:00:34]} 30. Re1 {[%clk 00:02:07]} {[%emt 00:00:32]} Re5 {[%clk
00:25:40]} {[%emt 00:03:29]} 31. Rxe5 {[%clk 00:00:58]} {[%emt 00:01:39]} dxe5
{[%clk 00:26:08]} {[%emt 00:00:02]} 32. Nd3 {[%clk 00:01:15]} {[%emt 00:00:12]}
Bd6 {[%clk 00:26:29]} {[%emt 00:00:09]} 33. Nf2 {[%clk 00:01:15]} {[%emt
00:00:30]} f5 {[%clk 00:24:59]} {[%emt 00:02:01]} 34. Nfd1 {[%clk 00:01:05]}
{[%emt 00:00:40]} Kf7 {[%clk 00:24:24]} {[%emt 00:01:05]} 35. Kg1 {[%clk
00:01:07]} {[%emt 00:00:27]} f4 {[%clk 00:22:08]} {[%emt 00:02:46]} 36. gxf4
{[%emt 00:00:41]} exf4 {[%clk 00:22:30]} {[%emt 00:00:07]} 37. Nf2 {[%clk
00:00:50]} {[%emt 00:00:38]} Ke6 {[%clk 00:20:39]} {[%emt 00:02:21]} 38. Kf1
{[%clk 00:00:45]} {[%emt 00:00:36]} Kf5 {[%clk 00:18:13]} {[%emt 00:02:56]} 39.
Ke2 {[%clk 00:00:44]} {[%emt 00:00:31]} c4 {[%clk 00:18:01]} {[%emt 00:00:42]}
40. Ncd1 {[%clk 00:00:39]} {[%emt 00:00:34]} h5 {[%clk 00:15:55]} {[%emt
00:02:35]} 41. b3 {[%clk 00:23:10]} {[%emt 00:08:01]} cxb3 {[%clk 00:42:44]}
{[%emt 00:03:41]} 42. axb3 {[%clk 00:23:17]} {[%emt 00:00:23]} g5 {[%clk
00:42:51]} {[%emt 00:00:23]} 43. c4 {[%clk 00:11:46]} {[%emt 00:12:01]} g4
{[%clk 00:42:43]} {[%emt 00:00:38]} 44. hxg4+ {[%clk 00:11:27]} {[%emt
00:00:48]} hxg4 {[%clk 00:43:04]} {[%emt 00:00:09]} 45. Nc3 {[%clk 00:10:11]}
{[%emt 00:01:47]} g3 {[%clk 00:41:38]} {[%emt 00:01:55]} 46. Nd3 {[%clk
00:10:11]} {[%emt 00:00:31]} f3+ {[%clk 00:40:08]} {[%emt 00:02:00]} 47. Kf1
{[%clk 00:07:10]} {[%emt 00:03:29]} Be5 {[%clk 00:38:28]} {[%emt 00:02:10]} 48.
Nxe5 {[%clk 00:02:16]} {[%emt 00:05:25]} Kxe5 {[%clk 00:38:51]} {[%emt
00:00:08]} 49. Nd1 {[%clk 00:01:33]} {[%emt 00:01:12]} Kd4 {[%clk 00:38:48]}
{[%emt 00:00:34]} 50. Ke1 {[%clk 00:01:08]} {[%emt 00:00:56]} Kd3 {[%clk
00:36:18]} {[%emt 00:02:58]} 51. c5 {[%clk 00:00:44]} {[%emt 00:00:56]} Kd4
{[%clk 00:35:27]} {[%emt 00:01:20]} 52. b4 {[%clk 00:00:35]} {[%emt 00:00:40]}
Bb5 {[%clk 00:35:12]} {[%emt 00:00:44]} 53. c6 {[%clk 00:00:39]} {[%emt
00:00:27]} Bxc6 {[%clk 00:35:36]} {[%emt 00:00:07]} 54. Kf1 {[%clk 00:00:43]}
{[%emt 00:00:25]} Bb5+ {[%clk 00:35:44]} {[%emt 00:00:21]} 55. Ke1 {[%clk
00:00:50]} {[%emt 00:00:23]} Bc4 {[%clk 00:36:05]} {[%emt 00:00:10]} 56. b5
{[%clk 00:00:40]} {[%emt 00:00:40]} Bxb5 {[%clk 00:36:30]} {[%emt 00:00:05]}
57. Nb2 {[%clk 00:00:35]} {[%emt 00:00:35]} f2+ {[%clk 00:36:54]} {[%emt
00:00:06]} 58. Kd2 {[%clk 00:00:54]} {[%emt 00:00:11]} f1=Q {[%clk 00:37:12]}
{[%emt 00:00:12]} 0-1

[Event "DEM U14w 2021"]
[Site "Willingen GER"]
[Date "2021.08.25"]
[Round "4"]
[White "Trunz, Michelle"]
[Black "Keymer, Cecilia"]
[Result "1-0"]
[Termination "normal"]
[Board "2"]
[WhiteElo "1714"]
[BlackElo "1612"]
[WhiteClock "00:23:55"]
[BlackClock "00:06:59"]
[PlyCount "127"]
[WhiteFideId "16227980"]
[BlackFideId "16233468"]
[EventCountry "GER"]
[EventRounds "9"]
[EventType "swiss"]
[EventDate "2021.08.22"]

1. d4 {[%clk 01:30:57]} {[%emt 00:00:02]} d5 {[%clk 01:30:56]} {[%emt
00:00:04]} 2. c4 {[%clk 01:31:17]} {[%emt 00:00:11]} c6 {[%clk 01:31:21]}
{[%emt 00:00:04]} 3. cxd5 {[%clk 01:31:40]} {[%emt 00:00:08]} cxd5 {[%clk
01:31:43]} {[%emt 00:00:08]} 4. Nc3 {[%clk 01:31:55]} {[%emt 00:00:15]} Nf6
{[%clk 01:31:11]} {[%emt 00:01:03]} 5. Nf3 {[%clk 01:32:12]} {[%emt 00:00:12]}
Nc6 {[%clk 01:30:26]} {[%emt 00:01:16]} 6. Bf4 {[%clk 01:32:23]} {[%emt
00:00:18]} Bf5 {[%clk 01:26:40]} {[%emt 00:04:16]} 7. e3 {[%clk 01:32:34]}
{[%emt 00:00:20]} a6 {[%clk 01:23:32]} {[%emt 00:03:38]} 8. Ne5 {[%clk
01:31:58]} {[%emt 00:01:06]} Rc8 {[%clk 01:14:45]} {[%emt 00:09:16]} 9. Be2
{[%clk 01:27:43]} {[%emt 00:04:45]} h6 {[%clk 01:11:06]} {[%emt 00:04:10]} 10.
g4 {[%clk 01:26:53]} {[%emt 00:01:19]} Bd7 {[%clk 01:03:25]} {[%emt 00:08:12]}
11. h4 {[%clk 01:22:49]} {[%emt 00:04:33]} e6 {[%clk 01:00:12]} {[%emt
00:03:43]} 12. a3 {[%clk 01:20:42]} {[%emt 00:02:49]} Be7 {[%clk 00:58:14]}
{[%emt 00:02:17]} 13. f3 {[%clk 01:20:00]} {[%emt 00:01:11]} Nh7 {[%clk
00:54:15]} {[%emt 00:04:28]} 14. Bg3 {[%clk 01:15:53]} {[%emt 00:04:37]} Nxe5
{[%clk 00:51:30]} {[%emt 00:03:16]} 15. dxe5 {[%clk 01:15:36]} {[%emt
00:00:47]} Qb6 {[%clk 00:50:31]} {[%emt 00:01:29]} 16. Qd2 {[%clk 01:14:45]}
{[%emt 00:01:22]} Bc5 {[%clk 00:44:58]} {[%emt 00:06:02]} 17. Bf2 {[%clk
01:13:47]} {[%emt 00:01:28]} Qc7 {[%clk 00:41:33]} {[%emt 00:03:54]} 18. f4
{[%clk 01:11:51]} {[%emt 00:02:27]} Bc6 {[%clk 00:40:39]} {[%emt 00:01:24]} 19.
O-O {[%clk 01:11:01]} {[%emt 00:01:20]} g5 {[%clk 00:36:34]} {[%emt 00:04:34]}
20. Kh2 {[%clk 01:07:06]} {[%emt 00:04:25]} f6 {[%clk 00:33:24]} {[%emt
00:03:41]} 21. exf6 {[%clk 00:57:09]} {[%emt 00:10:27]} Nxf6 {[%clk 00:31:18]}
{[%emt 00:02:34]} 22. Bg3 {[%clk 00:55:02]} {[%emt 00:02:37]} Bd6 {[%clk
00:29:53]} {[%emt 00:01:54]} 23. Qd4 {[%clk 00:50:50]} {[%emt 00:04:43]} Ke7
{[%clk 00:28:09]} {[%emt 00:02:14]} 24. Kg1 {[%clk 00:49:39]} {[%emt 00:01:40]}
gxf4 {[%clk 00:21:38]} {[%emt 00:07:02]} 25. exf4 {[%clk 00:47:51]} {[%emt
00:02:19]} Rcf8 {[%clk 00:18:28]} {[%emt 00:03:39]} 26. Rae1 {[%clk 00:39:43]}
{[%emt 00:08:37]} Kd8 {[%clk 00:16:03]} {[%emt 00:02:55]} 27. b4 {[%clk
00:38:08]} {[%emt 00:02:05]} Rhg8 {[%clk 00:13:17]} {[%emt 00:03:16]} 28. g5
{[%clk 00:33:42]} {[%emt 00:04:56]} hxg5 {[%clk 00:12:56]} {[%emt 00:00:51]}
29. hxg5 {[%clk 00:33:57]} {[%emt 00:00:15]} Ne8 {[%clk 00:11:11]} {[%emt
00:02:14]} 30. Bg4 {[%clk 00:32:03]} {[%emt 00:02:24]} Ng7 {[%clk 00:05:21]}
{[%emt 00:06:20]} 31. Bxe6 {[%clk 00:29:40]} {[%emt 00:02:53]} Nxe6 {[%clk
00:05:13]} {[%emt 00:00:39]} 32. Rxe6 {[%clk 00:30:01]} {[%emt 00:00:08]} Rf5
{[%clk 00:03:05]} {[%emt 00:02:37]} 33. Qd3 {[%clk 00:22:56]} {[%emt 00:07:35]}
Rgf8 {[%clk 00:02:15]} {[%emt 00:01:20]} 34. Rf6 {[%clk 00:18:23]} {[%emt
00:05:02]} R8xf6 {[%clk 00:01:41]} {[%emt 00:01:06]} 35. gxf6 {[%clk 00:18:45]}
{[%emt 00:00:07]} Rxf6 {[%clk 00:01:53]} {[%emt 00:00:19]} 36. Bh4 {[%clk
00:18:10]} {[%emt 00:01:03]} Qg7+ {[%clk 00:01:28]} {[%emt 00:00:56]} 37. Kf2
{[%clk 00:17:52]} {[%emt 00:00:48]} Bxf4 {[%clk 00:01:16]} {[%emt 00:00:43]}
38. Bxf6+ {[%clk 00:17:45]} {[%emt 00:00:37]} Qxf6 {[%clk 00:01:39]} {[%emt
00:00:07]} 39. Ke1 {[%clk 00:09:21]} {[%emt 00:08:54]} Qh4+ {[%clk 00:01:19]}
{[%emt 00:00:50]} 40. Kd1 {[%clk 00:08:10]} {[%emt 00:01:41]} Qg4+ {[%clk
00:00:53]} {[%emt 00:00:55]} 41. Kc2 {[%clk 00:07:46]} {[%emt 00:00:54]} Bd6
{[%clk 00:26:31]} {[%emt 00:04:52]} 42. Rd1 {[%clk 00:34:56]} {[%emt 00:03:20]}
Kc8 {[%clk 00:21:35]} {[%emt 00:05:25]} 43. Kb3 {[%clk 00:34:05]} {[%emt
00:01:22]} Qe6 {[%clk 00:16:27]} {[%emt 00:05:38]} 44. Nxd5 {[%clk 00:28:49]}
{[%emt 00:05:47]} Be5 {[%clk 00:14:37]} {[%emt 00:02:20]} 45. Qc4 {[%clk
00:26:27]} {[%emt 00:02:52]} Kb8 {[%clk 00:12:02]} {[%emt 00:03:04]} 46. Nb6
{[%clk 00:23:37]} {[%emt 00:03:20]} Qxc4+ {[%clk 00:10:49]} {[%emt 00:01:43]}
47. Kxc4 {[%clk 00:23:26]} {[%emt 00:00:41]} Kc7 {[%clk 00:10:47]} {[%emt
00:00:32]} 48. Nd5+ {[%clk 00:23:20]} {[%emt 00:00:37]} Bxd5+ {[%clk 00:09:26]}
{[%emt 00:01:51]} 49. Rxd5 {[%emt 00:00:32]} b5+ {[%clk 00:07:54]} {[%emt
00:02:01]} 50. Kc5 {[%clk 00:22:38]} {[%emt 00:01:11]} Bb2 {[%clk 00:08:01]}
{[%emt 00:00:23]} 51. Rd3 {[%clk 00:22:46]} {[%emt 00:00:21]} Ba1 {[%clk
00:07:15]} {[%emt 00:01:16]} 52. Rh3 {[%clk 00:22:13]} {[%emt 00:01:03]} Bb2
{[%clk 00:05:57]} {[%emt 00:01:48]} 53. Rh7+ {[%clk 00:22:16]} {[%emt
00:00:27]} Kc8 {[%clk 00:05:58]} {[%emt 00:00:29]} 54. Kc6 {[%clk 00:22:15]}
{[%emt 00:00:32]} Kd8 {[%clk 00:05:36]} {[%emt 00:00:52]} 55. Rh3 {[%clk
00:22:16]} {[%emt 00:00:29]} Kc8 {[%clk 00:05:09]} {[%emt 00:00:58]} 56. Kb6
{[%clk 00:22:35]} {[%emt 00:00:10]} Bd4+ {[%clk 00:05:19]} {[%emt 00:00:20]}
57. Kxa6 {[%clk 00:22:55]} {[%emt 00:00:10]} Kc7 {[%clk 00:05:35]} {[%emt
00:00:14]} 58. Kxb5 {[%clk 00:23:16]} {[%emt 00:00:10]} Be5 {[%clk 00:05:47]}
{[%emt 00:00:17]} 59. a4 {[%clk 00:23:24]} {[%emt 00:00:22]} Kb7 {[%clk
00:06:07]} {[%emt 00:00:10]} 60. Rh7+ {[%clk 00:23:37]} {[%emt 00:00:16]} Bc7
{[%clk 00:06:29]} {[%emt 00:00:08]} 61. a5 {[%clk 00:23:44]} {[%emt 00:00:23]}
Kb8 {[%clk 00:06:38]} {[%emt 00:00:21]} 62. Ka6 {[%clk 00:23:27]} {[%emt
00:00:49]} Be5 {[%clk 00:06:50]} {[%emt 00:00:17]} 63. b5 {[%clk 00:23:35]}
{[%emt 00:00:22]} Bd4 {[%clk 00:06:59]} {[%emt 00:00:21]} 64. b6 {[%clk
00:23:55]} {[%emt 00:00:11]} 1-0

[Event "DEM U14w 2021"]
[Site "Willingen GER"]
[Date "2021.08.25"]
[Round "4"]
[White "Peglau, Charis"]
[Black "Hubert, Charlotte"]
[Result "0-1"]
[Termination "normal"]
[Board "3"]
[WhiteElo "1827"]
[BlackElo "1545"]
[WhiteClock "00:20:03"]
[BlackClock "00:31:07"]
[PlyCount "93"]
[WhiteFideId "16219996"]
[BlackFideId "16265920"]
[EventCountry "GER"]
[EventRounds "9"]
[EventType "swiss"]
[EventDate "2021.08.22"]

1. b3 {[%clk 01:30:57]} {[%emt 00:00:02]} d5 {[%clk 01:30:19]} {[%emt
00:00:41]} 2. Bb2 {[%clk 01:30:39]} {[%emt 00:00:49]} Nf6 {[%clk 01:28:29]}
{[%emt 00:02:19]} 3. e3 {[%clk 01:29:14]} {[%emt 00:01:55]} c5 {[%clk
01:26:34]} {[%emt 00:02:25]} 4. Nf3 {[%clk 01:24:23]} {[%emt 00:05:22]} Nc6
{[%clk 01:24:50]} {[%emt 00:02:12]} 5. Be2 {[%clk 01:16:28]} {[%emt 00:08:27]}
Bf5 {[%clk 01:20:26]} {[%emt 00:04:53]} 6. O-O {[%clk 01:15:09]} {[%emt
00:01:49]} e6 {[%clk 01:19:28]} {[%emt 00:01:29]} 7. d4 {[%clk 01:12:14]}
{[%emt 00:03:25]} Be7 {[%clk 01:14:30]} {[%emt 00:05:26]} 8. c4 {[%clk
01:10:33]} {[%emt 00:02:12]} dxc4 {[%clk 01:10:42]} {[%emt 00:04:18]} 9. Bxc4
{[%clk 01:10:27]} {[%emt 00:00:37]} O-O {[%clk 01:09:57]} {[%emt 00:01:13]} 10.
Nbd2 {[%clk 01:03:32]} {[%emt 00:07:27]} h6 {[%clk 01:05:16]} {[%emt 00:05:11]}
11. Qe2 {[%clk 01:01:46]} {[%emt 00:02:16]} cxd4 {[%clk 00:55:58]} {[%emt
00:09:47]} 12. Nxd4 {[%clk 01:00:40]} {[%emt 00:01:36]} Nxd4 {[%clk 00:56:04]}
{[%emt 00:00:23]} 13. Bxd4 {[%clk 01:00:56]} {[%emt 00:00:16]} Bb4 {[%clk
00:43:41]} {[%emt 00:12:52]} 14. Nf3 {[%clk 01:00:03]} {[%emt 00:01:23]} Qe7
{[%clk 00:39:45]} {[%emt 00:04:24]} 15. Qb2 {[%clk 00:50:00]} {[%emt 00:10:33]}
Rac8 {[%clk 00:34:47]} {[%emt 00:05:28]} 16. a3 {[%clk 00:48:39]} {[%emt
00:01:52]} Bc5 {[%clk 00:34:22]} {[%emt 00:00:53]} 17. Bc3 {[%clk 00:45:15]}
{[%emt 00:03:56]} a6 {[%clk 00:32:48]} {[%emt 00:02:03]} 18. a4 {[%clk
00:43:22]} {[%emt 00:02:24]} Bb4 {[%clk 00:30:03]} {[%emt 00:03:14]} 19. Bxf6
{[%clk 00:38:01]} {[%emt 00:05:50]} Qxf6 {[%clk 00:30:17]} {[%emt 00:00:17]}
20. Qxf6 {[%clk 00:38:26]} {[%emt 00:00:05]} gxf6 {[%clk 00:30:34]} {[%emt
00:00:12]} 21. Nd4 {[%clk 00:38:37]} {[%emt 00:00:19]} Bg6 {[%clk 00:29:17]}
{[%emt 00:01:46]} 22. Rfd1 {[%clk 00:33:19]} {[%emt 00:05:49]} Bc3 {[%clk
00:21:16]} {[%emt 00:08:31]} 23. Ra2 {[%clk 00:20:19]} {[%emt 00:13:31]} Rfd8
{[%clk 00:20:23]} {[%emt 00:01:22]} 24. Be2 {[%clk 00:17:32]} {[%emt 00:03:16]}
Bxd4 {[%clk 00:19:01]} {[%emt 00:01:52]} 25. exd4 {[%clk 00:17:50]} {[%emt
00:00:13]} Bc2 {[%clk 00:18:59]} {[%emt 00:00:31]} 26. Re1 {[%clk 00:15:10]}
{[%emt 00:03:11]} Bxb3 {[%clk 00:17:34]} {[%emt 00:01:55]} 27. Rb2 {[%clk
00:15:08]} {[%emt 00:00:33]} Bc4 {[%clk 00:15:26]} {[%emt 00:02:37]} 28. Bf3
{[%clk 00:14:55]} {[%emt 00:00:44]} Bd5 {[%clk 00:15:08]} {[%emt 00:00:47]} 29.
Bxd5 {[%clk 00:05:02]} {[%emt 00:10:22]} Rxd5 {[%clk 00:15:29]} {[%emt
00:00:10]} 30. Rxb7 {[%clk 00:05:15]} {[%emt 00:00:18]} Rxd4 {[%clk 00:15:47]}
{[%emt 00:00:11]} 31. a5 {[%clk 00:05:33]} {[%emt 00:00:13]} Rd5 {[%clk
00:14:33]} {[%emt 00:01:43]} 32. g3 {[%clk 00:04:38]} {[%emt 00:01:25]} Rxa5
{[%clk 00:14:24]} {[%emt 00:00:39]} 33. Rd1 {[%clk 00:04:55]} {[%emt 00:00:14]}
Rd5 {[%clk 00:13:16]} {[%emt 00:01:37]} 34. Ra1 {[%clk 00:04:00]} {[%emt
00:01:25]} a5 {[%clk 00:11:24]} {[%emt 00:02:21]} 35. Ra7 {[%clk 00:04:23]}
{[%emt 00:00:08]} Rc2 {[%clk 00:09:29]} {[%emt 00:02:25]} 36. R7xa5 {[%clk
00:04:13]} {[%emt 00:00:40]} Rdd2 {[%clk 00:09:33]} {[%emt 00:00:26]} 37. Rf1
{[%clk 00:04:37]} {[%emt 00:00:06]} Kg7 {[%clk 00:09:10]} {[%emt 00:00:52]} 38.
h3 {[%clk 00:04:01]} f5 {[%clk 00:08:18]} {[%emt 00:02:28]} 39. Raa1 {[%clk
00:02:39]} Kf6 {[%clk 00:07:36]} {[%emt 00:03:04]} 40. Rac1 {[%clk 00:02:32]}
Rxf2 {[%clk 00:06:06]} {[%emt 00:02:38]} 41. Rxf2 {[%clk 00:02:39]} Rxc1+
{[%clk 00:06:29]} {[%emt 00:00:29]} 42. Kg2 {[%clk 00:03:08]} e5 {[%clk
00:05:48]} {[%emt 00:01:13]} 43. h4 {[%clk 00:02:04]} Rc4 {[%clk 00:05:13]}
{[%emt 00:02:38]} 44. Ra2 {[%clk 00:27:40]} Kg6 {[%clk 00:32:26]} {[%emt
00:08:10]} 45. Ra8 {[%emt 00:07:21]} f6 {[%clk 00:31:30]} 46. Kh3 {[%clk
00:20:26]} {[%emt 00:03:21]} Rg4 {[%clk 00:31:07]} 47. Ra6 {[%clk 00:20:03]}
{[%emt 00:01:46]} 0-1

[Event "DEM U14w 2021"]
[Site "Willingen GER"]
[Date "2021.08.25"]
[Round "4"]
[White "Voigt, Anastasia"]
[Black "Wilmink, Anna"]
[Result "1-0"]
[Termination "normal"]
[Board "4"]
[WhiteElo "1737"]
[BlackElo "1565"]
[WhiteClock "00:36:17"]
[BlackClock "00:27:09"]
[PlyCount "101"]
[WhiteFideId "16235223"]
[BlackFideId "16273680"]
[EventCountry "GER"]
[EventRounds "9"]
[EventType "swiss"]
[EventDate "2021.08.22"]

1. e4 {[%clk 01:30:58]} e6 {[%clk 01:30:48]} {[%emt 00:00:14]} 2. d4 {[%clk
01:31:24]} {[%emt 00:00:03]} d5 {[%clk 01:31:11]} {[%emt 00:00:08]} 3. Nd2
{[%clk 01:31:49]} {[%emt 00:00:04]} Nc6 {[%clk 01:31:34]} {[%emt 00:00:09]} 4.
Ngf3 {[%clk 01:29:42]} {[%emt 00:02:35]} Nf6 {[%clk 01:31:47]} {[%emt
00:00:17]} 5. e5 {[%clk 01:29:38]} {[%emt 00:00:35]} Nd7 {[%clk 01:31:54]}
{[%emt 00:00:24]} 6. c3 {[%clk 01:28:55]} {[%emt 00:01:13]} f6 {[%clk
01:32:07]} {[%emt 00:00:17]} 7. exf6 {[%clk 01:28:04]} {[%emt 00:01:21]} Qxf6
{[%clk 01:32:25]} {[%emt 00:00:12]} 8. Bd3 {[%clk 01:27:03]} {[%emt 00:01:30]}
Bd6 {[%clk 01:32:36]} {[%emt 00:00:19]} 9. O-O {[%clk 01:25:26]} {[%emt
00:02:07]} O-O {[%clk 01:32:55]} {[%emt 00:00:12]} 10. Nb3 {[%clk 01:15:18]}
{[%emt 00:10:37]} e5 {[%clk 01:32:20]} {[%emt 00:01:05]} 11. dxe5 {[%clk
01:12:51]} {[%emt 00:02:58]} Ndxe5 {[%clk 01:32:08]} {[%emt 00:00:42]} 12. Be2
{[%clk 01:12:01]} {[%emt 00:01:19]} Be6 {[%clk 01:27:53]} {[%emt 00:04:45]} 13.
Ng5 {[%clk 01:02:40]} {[%emt 00:09:50]} Rae8 {[%clk 01:21:39]} {[%emt
00:06:45]} 14. Nxe6 {[%clk 01:01:08]} {[%emt 00:02:07]} Qxe6 {[%clk 01:18:29]}
{[%emt 00:03:36]} 15. f4 {[%clk 00:57:18]} {[%emt 00:04:18]} Ng6 {[%clk
01:11:17]} {[%emt 00:07:44]} 16. Bg4 {[%clk 00:55:09]} {[%emt 00:02:38]} Qf7
{[%clk 01:03:58]} {[%emt 00:07:50]} 17. f5 {[%clk 00:51:34]} {[%emt 00:04:03]}
Nge5 {[%clk 01:00:01]} {[%emt 00:04:29]} 18. Be2 {[%clk 00:41:32]} {[%emt
00:10:29]} Ne7 {[%clk 00:45:35]} {[%emt 00:14:59]} 19. f6 {[%clk 00:40:49]}
{[%emt 00:01:11]} N7g6 {[%clk 00:37:21]} {[%emt 00:08:46]} 20. fxg7 {[%clk
00:39:28]} {[%emt 00:01:51]} Qxg7 {[%clk 00:37:06]} {[%emt 00:00:45]} 21. Qxd5+
{[%clk 00:38:49]} {[%emt 00:01:08]} Kh8 {[%clk 00:36:19]} {[%emt 00:01:17]} 22.
Rxf8+ {[%clk 00:37:47]} {[%emt 00:01:33]} Qxf8 {[%clk 00:34:19]} {[%emt
00:02:30]} 23. Bd2 {[%clk 00:34:00]} {[%emt 00:04:17]} Nf4 {[%clk 00:26:59]}
{[%emt 00:07:51]} 24. Bxf4 {[%clk 00:31:55]} {[%emt 00:02:33]} Qxf4 {[%clk
00:26:37]} {[%emt 00:00:53]} 25. Qd4 {[%clk 00:30:53]} {[%emt 00:01:24]} Qh6
{[%clk 00:23:26]} {[%emt 00:03:49]} 26. Rf1 {[%clk 00:27:38]} {[%emt 00:03:40]}
Kg8 {[%clk 00:19:18]} {[%emt 00:04:43]} 27. g3 {[%clk 00:25:50]} {[%emt
00:02:17]} Re7 {[%clk 00:14:47]} {[%emt 00:05:02]} 28. Qxa7 {[%clk 00:22:46]}
{[%emt 00:03:35]} Qg6 {[%clk 00:09:47]} {[%emt 00:05:29]} 29. Qa8+ {[%clk
00:20:49]} {[%emt 00:02:26]} Re8 {[%clk 00:09:45]} {[%emt 00:00:34]} 30. Qxb7
{[%clk 00:20:17]} {[%emt 00:01:01]} h5 {[%clk 00:07:58]} {[%emt 00:02:18]} 31.
Qd5+ {[%clk 00:19:27]} {[%emt 00:01:17]} Kg7 {[%clk 00:07:19]} {[%emt
00:01:12]} 32. Nd4 {[%clk 00:16:00]} {[%emt 00:03:56]} Kh7 {[%clk 00:03:47]}
{[%emt 00:04:02]} 33. Nf3 {[%clk 00:14:04]} {[%emt 00:02:24]} Kg7 {[%clk
00:01:19]} {[%emt 00:03:00]} 34. Nxe5 {[%clk 00:13:58]} {[%emt 00:00:35]} Rxe5
{[%clk 00:01:21]} {[%emt 00:00:29]} 35. Qf3 {[%clk 00:12:46]} {[%emt 00:01:42]}
h4 {[%clk 00:01:14]} {[%emt 00:00:36]} 36. Bd3 {[%clk 00:11:07]} {[%emt
00:02:09]} Qe8 {[%clk 00:00:35]} {[%emt 00:01:10]} 37. Qg4+ {[%clk 00:10:41]}
{[%emt 00:00:49]} Kh8 {[%clk 00:00:36]} {[%emt 00:00:35]} 38. Qxh4+ {[%clk
00:10:28]} {[%emt 00:00:42]} Rh5 {[%clk 00:00:47]} {[%emt 00:00:20]} 39. Qf6+
{[%clk 00:09:33]} {[%emt 00:01:24]} Kg8 {[%clk 00:01:09]} {[%emt 00:00:08]} 40.
Qg6+ {[%clk 00:07:59]} {[%emt 00:02:05]} Qxg6 {[%clk 00:01:01]} {[%emt
00:00:38]} 41. Bxg6 {[%clk 00:08:22]} {[%emt 00:00:06]} Re5 {[%clk 00:00:44]}
{[%emt 00:00:48]} 42. Kg2 {[%clk 00:07:45]} {[%emt 00:01:05]} Re2+ {[%clk
00:30:13]} {[%emt 00:01:03]} 43. Rf2 {[%clk 00:38:04]} {[%emt 00:00:10]} Re1
{[%clk 00:30:00]} {[%emt 00:00:43]} 44. a4 {[%clk 00:37:27]} {[%emt 00:01:07]}
Ra1 {[%clk 00:29:56]} {[%emt 00:00:34]} 45. b3 {[%clk 00:37:40]} {[%emt
00:00:17]} Ra3 {[%clk 00:29:49]} {[%emt 00:00:37]} 46. Bf7+ {[%clk 00:37:59]}
{[%emt 00:00:11]} Kg7 {[%clk 00:29:26]} {[%emt 00:00:53]} 47. Rf3 {[%clk
00:37:49]} {[%emt 00:00:40]} Kh6 {[%clk 00:28:18]} {[%emt 00:01:39]} 48. Bc4
{[%clk 00:36:55]} {[%emt 00:01:24]} Kg5 {[%clk 00:27:52]} {[%emt 00:00:55]} 49.
h4+ {[%clk 00:36:49]} {[%emt 00:00:37]} Kg4 {[%clk 00:27:40]} {[%emt 00:00:41]}
50. Be2 {[%clk 00:35:57]} {[%emt 00:01:19]} Kh5 {[%clk 00:27:09]} {[%emt
00:01:02]} 51. Rf6# {[%clk 00:36:17]} {[%emt 00:00:11]} 1-0